Statistiques concernant Trouvez la signification de ces acronymes

Cliquez ici pour prendre le quiz!

Statistiques générales

  • Ce quiz a été pris 185 fois
  • Le résultat moyen est 5 sur 10

Statistiques - réponses

AcronymesNiveau de difficultéRéponses% Correct
OVNIFacileObjet volant non-identifié
93%
ONUFacileOrganisation des Nations Unies
88%
USAFacileÉtats-Unis d'Amérique
83%
EDFFacile en France / Moyen ailleursÉlectricité de France
70%
RDAMoyenRépublique Démocratique Allemande
54%
GAFADifficileGoogle Apple Facebook Amazon
42%
URSSMoyenUnion des Républiques socialistes soviétiques
39%
OTANDifficileOrganisation du Traité de l'Atlantique Nord
29%
SIDADifficileSyndrome d'immunodéficience acquise
20%
ALENAMoyen en Amérique du Nord / Difficile ailleursAccord de libre-échange Nord-Américain
12%

Distribution des résultats

Percentile par nombre de réponses

% des personnes avec chaque résultat

Votre développement - résultats

Vous n’avez pas pris ce quiz